[Event "BCF-chT4 2223 (4NCL)"]
[Site "England"]
[Date "2023.03.26"]
[Round "8.124"]
[White "Tomy, Judith"]
[Black "London, Nick J"]
[Result "0-1"]
[WhiteElo "1211"]
[BlackElo "1798"]
[PlyCount "52"]
[EventDate "2022.11.05"]
[EventType "team-swiss"]
[EventRounds "11"]
[EventCountry "ENG"]
[SourceTitle "EXT 2024"]
[Source "ChessBase"]
[SourceDate "2023.10.10"]
[SourceVersion "1"]
[SourceVersionDate "2023.10.10"]
[SourceQuality "1"]
[WhiteTeam "Watford II"]
[BlackTeam "Ashfield III"]
[WhiteTeamCountry "ENG"]
[BlackTeamCountry "ENG"]

1. e4 c5 2. Nf3 e6 3. c3 d5 4. e5 Nc6 5. d4 Qb6 6. Bd3 Bd7 7. 0-0 Rc8 8. dxc5 Bxc5 9. b4 Be7 10. Be3 Qc7 11. Nbd2 f6 12. exf6 Nxf6 13. Rc1 e5 14. Bb5 0-0 15. a3 e4 16. Nd4 Ng4 17. Re1 Qxh2+ 18. Kf1 Qh1+ 19. Ke2 Qxg2 20. Rf1 Nxe3 21. Kxe3 Bg5+ 22. Ke2 Nxd4+ 23. Ke1 Bg4 24. Qa4 Bxd2+ 25. Kxd2 Rxf2+ 26. Ke3 Nf5# 0-1

[Event "GBR-ch Soanes op 106th"]
[Site "Torquay"]
[Date "2019.07.27"]
[Round "3"]
[White "London, Nick J"]
[Black "Chadwick, Susan E"]
[Result "1-0"]
[WhiteElo "1644"]
[BlackElo "1453"]
[PlyCount "93"]
[EventDate "2019.07.26"]
[EventType "swiss"]
[EventRounds "5"]
[EventCountry "ENG"]
[SourceTitle "EXT 2021"]
[Source "ChessBase"]
[SourceDate "2020.10.23"]
[SourceVersion "1"]
[SourceVersionDate "2020.10.23"]
[SourceQuality "1"]

1. d4 d5 2. Nf3 Nf6 3. c4 e6 4. g3 c5 5. cxd5 exd5 6. Bg2 cxd4 7. Nxd4 Be7 8. 0-0 0-0 9. Nc3 Nc6 10. Bg5 Nxd4 11. Qxd4 Be6 12. Rac1 h6 13. Bf4 a6 14. Na4 Rc8 15. Rxc8 Qxc8 16. Rc1 Qe8 17. Nc5 Qb5 18. Nxe6 fxe6 19. Qe5 Qb6 20. Bh3 Ne4 21. Qxe6+ Qxe6 22. Bxe6+ Kh8 23. Bxd5 Nf6 24. Bxb7 Rd8 25. Bf3 Nd5 26. Bxd5 Rxd5 27. Kg2 Bf6 28. b3 Bb2 29. Rc2 Bf6 30. e4 Rb5 31. Be3 Be7 32. f4 Rb4 33. Rc4 Rb8 34. Kf3 Rf8 35. Bc5 Bxc5 36. Rxc5 Rd8 37. Ke2 Rd4 38. Rc4 Rd8 39. e5 Re8 40. Ke3 Rd8 41. e6 Re8 42. f5 Kg8 43. Ke4 Kf8 44. Ke5 Rd8 45. f6 gxf6+ 46. Kxf6 Ke8 47. Rc7 1-0

[Event "GBR-ch Soanes op 104th"]
[Site "Llandudno"]
[Date "2017.07.28"]
[Round "1"]
[White "Frith, Shane S"]
[Black "London, Nick J"]
[Result "0-1"]
[WhiteElo "1539"]
[BlackElo "1682"]
[PlyCount "104"]
[EventDate "2017.07.28"]
[EventType "swiss"]
[EventRounds "5"]
[EventCountry "WLS"]
[SourceTitle "EXT 2019"]
[Source "ChessBase"]
[SourceDate "2018.10.10"]
[SourceVersion "1"]
[SourceVersionDate "2018.10.10"]
[SourceQuality "1"]

1. b3 d5 2. Bb2 Bf5 3. e3 Nf6 4. Nf3 e6 5. c4 c6 6. Nc3 h6 7. d4 Bd6 8. Be2 Nbd7 9. Rc1 0-0 10. 0-0 Ne4 11. h3 Ndf6 12. Nxe4 Nxe4 13. Ne5 Qg5 14. Bg4 f6 15. Bxf5 Qxf5 16. Nf3 Rf7 17. Qe2 Qh5 18. Rc2 g5 19. Ne1 Qg6 20. Nd3 h5 21. Rfc1 Rg7 22. Nc5 Re8 23. cxd5 exd5 24. Nxe4 Rxe4 25. f3 Re6 26. e4 Rge7 27. Re1 Kf7 28. Rcc1 dxe4 29. fxe4 Rxe4 30. Qf2 Rxe1+ 31. Rxe1 Rxe1+ 32. Qxe1 Qd3 33. Qc1 Kg6 34. Qe1 Kg7 35. Qc1 Bf4 36. Qe1 Be3+ 37. Kh1 Kg6 38. b4 Qd2 39. Qxd2 Bxd2 40. a3 Kf5 41. g3 Ke6 42. Kg2 g4 43. hxg4 hxg4 44. Kf2 f5 45. Ke2 Bg5 46. Bc3 b5 47. Bb2 Kd5 48. Kd3 a6 49. Ke2 Ke4 50. Bc3 Be3 51. d5 cxd5 52. Bf6 Bc1 0-1